Centenario de los Reyes Católicos : cinco conferencias en el Salón de Ciento cinco conferencias en el Salón de Ciento
Colección:
San Jorge,
; núm. 3 (juliol 1951), pàg. 37-38
Idioma:
Español
MARC
| LEADER | 00000naa a2200000 a 4500 | ||
|---|---|---|---|
| 008 | 160829s1951 spc xx s spa c | ||
| 040 | |a agdb | ||
| 245 | |a Centenario de los Reyes Católicos : |b cinco conferencias en el Salón de Ciento | ||
| 490 | |a San Jorge, |v núm. 3 (juliol 1951), pàg. 37-38 | ||
| 651 | 0 | |a Espanya |x Història |y 1479-1516, Reis Catòlics |v Congressos |9 54590 | |
| 773 | |t San Jorge. |g Núm. 3 (juliol 1951), pàg. 37-38 | ||
| 901 | |a Arxiu | ||
| 942 | |n 1 |2 udc |c ART | ||
| 952 | |0 0 |1 0 |4 0 |6 REV508 |7 1 |9 64694 |a Arxiu |b Arxiu |d 2022-12-12 |l 0 |o Rev-508 |r 2022-12-12 00:00:00 |w 2022-12-12 |y ARXIU | ||
| 999 | |c 43761 |d 43761 | ||